000
00330nam a2200133Ia 4500
008
190216s9999||||xx |||||||||||||| ||und||
100
_a
Norula.Jl
245
0
_a
Technique Of Organic Laboratory Processes - Organic Chemistry
250
_a
1st Ed.
260
_b
Null
300
_a
405
650
_a
Chemistry-Chemistry
942
_c
BK
999
_c
2127
_d
2127